000 01316ngm a22003130a 4500
001 PT14853
003 AR-LpoUNG
005 20210202000031.0
007 vd cvaizq
008 191001s1966||||ag |||||||||||||||||eng d
037 _c$8.3
040 _aAR-LpoUNG
_bspa
_cAR-LpoUNG
_eaacr
041 _aeng
_aspa
044 _aag
082 0 _a152 635blo
100 1 _aAntonioni, Michelangelo
_edir.
245 1 0 _aBlow up
260 _aBuenos Aires :
_bRoyal,
_c[1966].
300 _aVHS (102 min.) : son., col.
505 0 _a[Diálogos en inglés, subtítulos en castellano]
520 _aMientras trata de encontrar en un parque temas inéditos para sus fotografías de modas, Thomas retrata a una pareja que actúa de manera sospechosa. Al revelar las fotos en su laboratorio, el fotógrafo se da cuenta de que, probablemente, fue testigo de un crimen pero la confirmación de este hecho es incierta. A partir de esta revelación, Thomas comenzará a obsesionarse con las fotografías que tomó en aquel parque y con el misterio que envuelve a Jane, la mujer que quizás cometió el crimen.
650 4 _aINGLATERRA
650 4 _aSOCIEDAD
651 4 _aReino Unido de Gran Bretaña e Irlanda del Norte
653 _aVIDEOS
700 1 _aGuerra, Tonino
_edir.
905 _a14853
942 _cVIDEO
999 _c53991
_d53991